000 00541nam a2200193Ia 4500
005 20250423100241.0
008 250422s9999 xx 000 0 und d
020 _a9788122431483
050 _aTK 6650 .G85/
100 _aGulati, R. R.
245 0 _aModern television practice: transmission, reception and applications
250 _a4th ed.
260 _aNew Delhi
260 _bNew Age International Publishers
260 _c2011
300 _a698 p
650 _aTelevision--Transmission, Reception and Application
942 _cBK
999 _c32735
_d32735